| 000 | 00794nam a2200205 a 4500 | ||
|---|---|---|---|
| 008 | 120416s1997 ||||||||||||||||| || u | ||
| 020 | _a1575040425 | ||
| 050 | _aHD 211.F6 Cat | ||
| 100 | _aCatlin, Robert A | ||
| 245 | 1 | 0 | _aLand use planning, environmental protection and growth management |
| 246 | _athe Florida experience | ||
| 260 |
_aMichigan _bAnn Arbor press _c1997 |
||
| 300 | _aix, 252 p. : ill. | ||
| 350 | _a0.00 | ||
| 500 | _aIncludes bibliographical references and index. | ||
| 650 | _aLAND | ||
| 650 | _aLAND USE--PLANNING--ENVIRONMENTAL ASPECTS | ||
| 650 | _aRegional planning--Environmental aspects--Florida | ||
| 995 |
_D0.00 _FCBU-MAIN LIBRARY (Kitwe) _H1 _I20.00 _M1 _UAVAILABLE _ZMain Library Open Access Collection |
||
| 999 |
_c48844 _d48844 |
||